| 000 | 00903cam a2200241 a 4500 | ||
|---|---|---|---|
| 001 | 1910518 | ||
| 005 | 20220326193326.0 | ||
| 008 | 841207s1983 sp a b f000 0 cat | ||
| 010 | _a 84248479 | ||
| 020 | _a8450089220 | ||
| 040 |
_aDLC _cDLC _dDLC |
||
| 082 |
_a759.946 _bD 143c |
||
| 100 | 1 |
_aDali, Salvador _d1904-1989. _92842 |
|
| 245 | 1 | 0 |
_a400 obres de 1914 a 1983 / _bSalvador Dali _cDali Salvador, Saavedra Santiago |
| 260 |
_a[Madrid] : _bGeneralitat de Catalunya : _bMinisterio de Cultura, Obra Cultural de la Caixa de Pensions, _c[1983?] |
||
| 300 |
_a272 p. _bill. (some col.) ; _c23x32 cm. |
||
| 504 | _aBibliography: v. 2, p. 204-271. | ||
| 600 | 1 | 0 |
_aDali, Salvador, _d1904-1989. _92843 |
| 650 |
_xBiografia _xPintura _zEspaƱa _92844 |
||
| 700 |
_aSalvador Dali, Santiago Saavedra _92845 |
||
| 740 | 0 | _aQuatrecents obres de 1914-1983. | |
| 906 |
_a7 _bcbc _corignew _d3 _encip _f19 _gy-gencatlg |
||
| 999 |
_c634 _d634 |
||